Statystyki dla Polskie kluby piłkarskie według wojewodztw

Kliknij tutaj aby rozwiązać quiz!

Ogólne statystyki

  • Ten quiz został rozwiązany 3 109 razy
  • Średni wynik to 29 z 52

Statystyki odpowiedzi

WojewództwoKlub% Poprawnych
mazowieckieLegia Warszawa
91%
dolnośląskieŚląsk Wrocław
90%
małopolskieWisła Kraków
87%
wielkopolskieLech Poznań
86%
pomorskieLechia Gdańsk
85%
łódzkieŁKS Łódź
85%
Arka Gdynia
84%
Cracovia
83%
Widzew Łódź
83%
zachodniopomorskiePogoń Szczecin
82%
podlaskieJagiellonia Białystok
79%
Zagłębie Lubin
78%
śląskieGórnik Zabrze
76%
świętokrzyskieKorona Kielce
76%
GKS Katowice
71%
Ruch Chorzów
71%
Wisła Płock
69%
opolskieOdra Opole
68%
Piast Gliwice
67%
Warta Poznań
67%
Stal Stalowa Wola
65%
Miedź Legnica
64%
Raków Częstochowa
63%
Zagłębie Sosnowiec
62%
Radomiak Radom
57%
warmińsko-mazurskieStomil Olsztyn
56%
Elana Toruń
54%
Resovia Rzeszów
54%
lubelskieGórnik Łęczna
52%
GKS Tychy
50%
Podbeskidzie Bielsko-Biała
49%
Wigry Suwałki
48%
GKS Bełchatów
47%
Sandecja Nowy Sącz
47%
podkarpackieStal Mielec
46%
Garbarnia Kraków
41%
Bruk-Bet Termalica Nieciecza
37%
Chrobry Głogów
36%
Olimpia Elbląg
34%
Chojniczanka Chojnice
33%
Znicz Pruszków
33%
kujawsko-pomorskieOlimpia Grudziądz
31%
Puszcza Niepołomice
30%
Pogoń Siedlce
28%
GKS Jastrzębie
27%
Bytovia Bytów
24%
Siarka Tarnobrzeg
24%
Błękitni Stargard
23%
ROW Rybnik
23%
Skra Częstochowa
23%
Gryf Wejherowo
20%
Rozwój Katowice
19%

Rozkład punktacji

Percentyl według liczby udzielonych odpowiedzi

Procent ludzi z każdym wynikiem

Twoja historia wyników

Nie rozwiązałeś tego quizu